[Event "Capablanca Memorial Elite 32nd"]
[Site "Cienfuegos"]
[Date "1997.05.18"]
[Round "10"]
[White "Becerra Rivero, Julio"]
[Black "Leko, Peter"]
[Result "0-1"]
[WhiteElo "2510"]
[BlackElo "2600"]
[Annotator "Atlas,V"]
[PlyCount "82"]
[EventDate "1997.05.05"]
[EventType "tourn"]
[EventRounds "11"]
[EventCountry "CUB"]
[EventCategory "12"]
[SourceTitle "CBM 059"]
[Source "ChessBase"]
[SourceDate "1997.08.01"]
[SourceVersion "1"]
[SourceVersionDate "1997.08.01"]
[SourceQuality "1"]

1. e4 {Leko} c5 2. Nf3 d6 3. d4 cxd4 4. Nxd4 Nf6 5. Nc3 e6 6. Be3 Be7 7. f3 Nc6
8. Qd2 O-O 9. g4 (9. O-O-O {Leko} d5 $1 10. exd5 Nxd5 11. Nxd5 Qxd5 $11) 9...
d5 10. g5 Nxd4 $5 (10... Ne8 $6 {An interesting approach to the position. A
rare move yielded White an advantage in a recent game after} 11. Rg1 Nc7 12.
O-O-O Bb4 13. a3 Bd6 14. f4 Bd7 15. Bd3 Re8 16. Qf2 b5 17. exd5 exd5 {Lastin,
A-Aseev,K/RUS-ch m3-4 1997}) (10... Nh5 {The main continuaton is Now} 11. exd5
(11. f4 dxe4 12. Nxc6 bxc6 13. Be2 g6 14. Bxh5 Qxd2+ 15. Bxd2 gxh5 16. Nxe4 e5
17. fxe5 Bf5 18. Ng3 Bxc2 19. Nxh5 $14 {1-0 Gelman Alexandr-Zaitsev/Moscow 1994
}) 11... Nxd4 12. Qxd4 Bxg5 13. O-O-O Qf6 {leads to an approximately equal
game, e.g.:} 14. Bxg5 Qxg5+ 15. Kb1 Qf4 16. d6 Bd7 17. Bb5 Rfd8 18. Bxd7 Rxd7
19. Ne4 b6 {1/2-1/2 Ippolito,M-Pedzich,D/Cappelle la Grande op (1) 1997}) 11.
Qxd4 (11. Bxd4 {Leko} Nd7 $1 12. h4 (12. f4 e5 $1) 12... e5 13. Bf2 d4 14. Nd5
Nb6 $1 15. Nxe7+ Qxe7 $15) 11... Nh5 12. f4 (12. exd5 {Leko} Bxg5 13. O-O-O
exd5 14. Nxd5 Be6 15. Bc4 (15. Qe5 $5 {Fritz4} Bxe3+ 16. Nxe3 Qb6 $1 (16... Qh4
$2 17. Ng2 $1 $18) 17. Rd6 Qb4 $17 18. Rxe6 $2 fxe6 19. Qxh5 Rf5 $3 $19 (19...
Qe1+ $2 20. Nd1 Rad8 21. Bd3 $1 $18)) 15... Rc8 $1 16. Bb3 Bxd5 17. Bxd5 Qc7 $1
$17) 12... dxe4 13. Qxd8 (13. Qxe4 {Leko} Bd7 $1 14. O-O-O (14. Qxb7 Rb8 15.
Qf3 Rxb2 $3 16. Qxh5 (16. O-O-O Qc7 $3 $19 17. Kxb2 $140 Ba3+ $1) 16... Bc6 17.
Rg1 Bb4 18. Bd2 Rxc2 $19) 14... Bc6 $3 15. Rxd8 Rfxd8 16. Qc4 Bxh1 17. Be2 g6
$17) 13... Rxd8 14. Be2 g6 15. Bxh5 (15. Nxe4 {Leko} Ng7) 15... gxh5 16. Nxe4
Kg7 $1 {This continuation is considerably stronger than a thematic e6-e5.
King's position at g6 is quite invulnerable, whereas the light-squared bishop
is active on the main diagonal.} 17. O-O b6 18. h4 Kg6 (18... Ba6 $2 {Leko} 19.
f5 $1 $16) 19. Ng3 {Now White is threatening 20.f5+ ef5 22.Ne2/\Nf4} (19. Rae1
{Leko} Ba6 20. Rf2 Rd5) 19... h6 $1 20. Rf2 {Planning 21.Raf1 and 22.f5+} f5 $1
{This pawn advancement significantly reduces White's possibilities.} 21. Re1
hxg5 22. hxg5 (22. fxg5 {Leko} e5 $1) 22... Bb7 23. c3 {Preparing Bd4.} (23.
Rh2 {Leko} Bf3 24. Kf2 Bg4 25. Reh1 Rd1 $1 $19) 23... Rd3 $1 {Occupying the
third rank and obtaining the excellent interaction between the pieces.} 24. Kh2
Rad8 (24... Bd5 {Leko} 25. a3 (25. Bd4 $5 {Leko} h4 26. Ne2 Bd6 $1 27. Nc1 (27.
Be5 $1 {Leko} Bc5 28. Nd4 (28. Bd4 $6 {Leko} Rd2 $1 29. Kg1 Rxb2 30. c4 Rxe2 $1
)) 27... Rd2 $3 $19) 25... h4) 25. Bd4 h4 26. Ne2 $6 ({This passive move
yields Black a stable advantage. Much better was} 26. Rxe6+ Kf7 27. Rxe7+ Kxe7
28. Nxf5+ {, with dangerous counterchances.}) 26... Bd5 27. Be5 $6 ({An
unfortunate choice. Better was} 27. Nc1 Rg3) 27... Bc5 28. Bd4 $2 {After this
mistake White gets an unbearable position. Essential was 28.Nd4.} Rd2 $1 {
Now the game is over.} 29. Kg1 Rxb2 30. Bxc5 bxc5 31. Rh2 Rh8 32. Nc1 Rb1 33.
Rhe2 c4 34. Kh2 h3 35. Re3 Rh4 36. Kg3 Rg4+ $1 {The final "little combination".
} 37. Kxh3 Rb8 {[%csl Rh3][%cal Gg4g1,Gb8h8,Gh8h3]} 38. Rxe6+ Bxe6 39. Rxe6+
Kf7 40. Rf6+ Kg7 41. Rxf5 Rg1 0-1

[Event "Olomouc AZ Sanace Cup"]
[Site "Olomouc"]
[Date "1998.08.13"]
[Round "6"]
[White "Betko, Lubomir"]
[Black "Stohl, Igor"]
[Result "0-1"]
[WhiteElo "2300"]
[BlackElo "2540"]
[Annotator "Atlas,V"]
[PlyCount "98"]
[EventDate "1998.08.08"]
[EventType "tourn"]
[EventRounds "9"]
[EventCountry "CZE"]
[EventCategory "10"]
[SourceTitle "CBM 067"]
[Source "ChessBase"]
[SourceDate "1998.11.30"]
[SourceVersion "2"]
[SourceVersionDate "1998.11.01"]
[SourceQuality "1"]

{[%mdl 4608]} 1. e4 c5 2. Nf3 e6 3. d4 cxd4 4. Nxd4 a6 5. Nc3 d6 6. Be3 b5 7.
Qd2 Bb7 8. f3 Nf6 9. O-O-O Nbd7 10. g4 h6 11. a3 Ne5 (11... Rc8 {is a popular
alternaitve here:} 12. Bd3 (12. h4 Ne5 13. Rg1 Nfd7 14. g5 hxg5 15. hxg5 g6 16.
f4 Nc4 17. Bxc4 Rxc4 18. f5 e5 19. Nde2 Qa5 20. Kb1 b4 {1-0 Kaminski,U-Novikov,
I/Odessa 1989/TD 89\09 (42)}) 12... Ne5 13. h4 d5 14. g5 dxe4 15. Bxb5+ axb5
16. gxf6 exf3 17. fxg7 Bxg7 18. Rhg1 Nc4 19. Qe1 Qf6 20. Ndxb5 O-O 21. Nd6 Nxd6
{0-1 Yudasin,L-Lukin,A/Leningrad 1984/MCL 04 (41)}) (11... d5 12. exd5 Nxd5 13.
Nxd5 Bxd5 {1/2-1/2 Hazai,L-Barczay,L/Kecskemet 1983/MCD-r8 (13)}) (11... Qa5
12. Kb1 Rc8 13. h4 Rxc3 14. Nb3 Qc7 15. bxc3 d5 16. Bd3 dxe4 17. fxe4 Nxg4 18.
Bd4 e5 19. Bg1 Ngf6 20. Qe1 Bxa3 21. Rh3 {0-1 Commons,K-Soltis,A/Chicago 1974/
MCD-ch (39)}) 12. h4 Nfd7 13. Qg2 $2 ({A dubious continuation.} 13. Rg1 {
is a better option:} Nb6 14. g5 hxg5 15. hxg5 g6 16. f4 Nec4 17. Qf2 Qc7 18. f5
gxf5 19. exf5 e5 20. Nb3 Nxe3 {1/2-1/2 Sindik,E-Kelly,B/Walsall 1997/EXT 97 
(29)}) 13... Rc8 $1 {[%csl Rc3][%cal Gc8c3] Disclosing the disadvantages of
White's plan. Black intends to sacrifice the exchange on c3, substantially
weakening thereby the position of the white king.} 14. g5 Rxc3 $1 {A thematic
sacrifice. Now Black has excellent winning perspectives.} 15. bxc3 Qa5 16. Nb3
Qxc3 {Treatening by ...d5.} 17. Qd2 Qxd2+ (17... Qc7 {(or 17...Qc8) was a good
alternative.}) 18. Nxd2 d5 $1 {[%csl Ra3,Re4][%cal Gd5e4,Gf8a3,Gb7h1] Opening
center, Black brings into play both his bishops.} 19. a4 {The most stubborn
response.} bxa4 20. exd5 Bxd5 21. Bxa6 Nxf3 22. Nxf3 $2 (22. c4 {was to be
preferred.}) 22... Bxf3 23. Bb5 Ba3+ 24. Kb1 Bxh1 25. Ka2 Bb4 26. Rxh1 (26.
Rxd7 {is met by} O-O) 26... Ke7 27. gxh6 gxh6 28. Rd1 Nf6 29. Bd4 (29. Bxa4 Nd5
) ({If} 29. c3 {then} Bd6 ({Certainly, not} 29... Bxc3 $4 {because of} 30. Bc5#
)) 29... Rc8 30. Bxa4 Nd5 31. Bb3 Nc3+ 32. Bxc3 Bxc3 {The ending is easily won
for Black.} 33. Ba4 Rc4 34. Rd7+ Kf6 35. Ra7 Bd4 36. Kb3 Rc3+ 37. Kb4 Bxa7 38.
Kxc3 h5 39. Kd3 Bf2 40. c4 Bxh4 41. Ke3 Bg3 42. c5 Bb8 43. Bd1 Kg5 44. Kf3 f5
45. Kg2 e5 46. c6 e4 47. Be2 f4 48. Bd1 Bc7 49. Be2 Kh4 0-1

[Event "DEN-ch"]
[Site "Aarhus"]
[Date "1999.03.30"]
[Round "4"]
[White "Borge, Nikolaj"]
[Black "Hansen, Sune Berg"]
[Result "0-1"]
[WhiteElo "2466"]
[BlackElo "2499"]
[Annotator "Atlas,V"]
[PlyCount "80"]
[EventDate "1999.03.??"]
[EventType "tourn"]
[EventRounds "9"]
[EventCountry "DEN"]
[EventCategory "10"]
[SourceTitle "CBM 071"]
[Source "ChessBase"]
[SourceDate "1999.08.01"]
[SourceVersion "1"]
[SourceVersionDate "1999.08.01"]
[SourceQuality "1"]

1. e4 c5 2. Nf3 d6 3. d4 cxd4 4. Nxd4 Nf6 5. Nc3 a6 6. Be3 Ng4 (6... e6 7. Qd2
b5 8. f3 Bb7 (8... Nbd7 9. a4 (9. g4 h6 10. Rg1 Nb6 11. h4 Nfd7 12. g5 g6 13.
h5 Ne5 14. hxg6 Nxg6 15. O-O-O Bd7 16. f4 hxg5 17. Rxg5 Qc7 18. Qf2 Rb8 19. Bd3
Ne7 20. Bxb5 Nc4 21. Bxc4 Qxc4 22. f5 e5 23. Nb3 f6 {0-1 Malyshev,I-Shakhov,A/
St. Petersburg 1998/EXT 99 (53)}) 9... b4 10. Nce2 d5 11. Ng3 Bb7 12. Bd3 Qc7
13. O-O Bd6 14. Rac1 Nc5 15. e5 Bxe5 16. Qxb4 Bd6 17. Qd2 O-O 18. a5 Nxd3 19.
cxd3 Qe7 20. Nc6 Qd7 21. Nd4 Rab8 22. Nge2 Ba8 23. Ra1 e5 {0-1 Stevanovic,
I-Gustafsson,J/Leipzig 1995/Juniors (48)}) (8... b4 9. Nce2 d5 10. e5 Nfd7 11.
f4 Nc5 12. O-O-O Qc7 13. Kb1 Nbd7 14. Nc1 Ne4 15. Qe1 Ndc5 16. Bd3 Bd7 17. Rf1
Be7 18. Ncb3 O-O 19. Nxc5 Nxc5 20. Nf3 Rfc8 21. Bxc5 Qxc5 {1/2-1/2 Dochev,
D-Petrov,M/BUL-ch 1991/TD (43)}) 9. a4 b4 10. Na2 d5 11. e5 Nfd7 12. f4 a5 13.
Bb5 g6 14. O-O Qc7 15. Rac1 Nc6 16. c4 Nxd4 17. Qxd4 {[#]. 1-0 Ochoa de
Echaguen,F-Rodriguez Lopez,R/ESP-chT 1995/CBM 50 ext (17)}) 7. Bc1 Nf6 8. f3 e6
9. Be3 b5 10. Qd2 Bb7 11. a4 b4 12. Na2 d5 13. e5 Nfd7 14. f4 Nc5 $1 {This is
much stronger than immediate 14...a5, as after 15.Bb5! threatening 16.f5,
White has a dangerous initiative.} 15. Bd3 ({Both} 15. Nxb4 $4 Ne4 $19 {
and 15.Qb4?? Nd3+ -+ are fatal for White. and}) 15... a5 16. f5 Be7 17. fxe6
O-O $1 ({After} 17... fxe6 18. O-O {prevents Black's short castling and yields
White excellent attacking prospects. The text move yields Black a good
compensation for the sacrficed central pawn.}) 18. exf7+ Rxf7 19. O-O-O Qc7 {
Black has good chances to regain the weak e-pawn, as the white pieces are
quite passive (especially the a2- knight) and discoordinated.} 20. e6 Rf8 21.
Kb1 Nc6 22. Rhe1 Ne4 $1 23. Bxe4 dxe4 24. Nb5 Qe5 25. Qd7 Rab8 26. Rd5 Qxh2 27.
Red1 h6 28. Nc1 Bf6 29. Rc5 Ne5 30. Qc7 Rfc8 31. Qxb7 $2 {[%mdl 1024]} ({
A dubious sacrifice, yielding Black a large advantage.} 31. Qxa5 {was to be
preferred.} {Now} Nc4 (31... Nc6 {is another option:} 32. Qb6 Ba8 33. Qa6 Bb7
$11) {leads to very unclear complications:} 32. Qa7 (32. Rxc4 Rxc4 33. Nd6 Rd8
34. Qb5 Rxd6 (34... Rc7 35. Bb6 Rxc2 36. Bxd8 (36. Kxc2 Rxd6) 36... Rxb2+ 37.
Ka1 Bc3 38. Qe8+ (38. Qxb7 Rxg2+ 39. Kb1 Rb2+ 40. Ka1 Rb3#) 38... Kh7 39. Nb5
Qxg2 40. Nxc3 bxc3 {, and White is defenseless against the threats 41...Rb1+
and 41...Ra2+, followed by 42...Qb2#.})) 32... Nxe3 33. Rxc8+ Bxc8 34. Qxe3 Qe5
35. Qb3 Bxe6 36. Qxb4 Rc8 $5 {/\Rc4, with a dangerous initiaitve.} (36... Ra8 {
threatening 37...Ra4, also yields Black a good play.})) 31... Rxb7 32. Rxc8+
Kh7 {[%csl Re6,Rg2] Black has a large. probably decisive advantage.White
pieces are badly coordinated, whereas the week e6- and g2-pawns is very
difficult to protect.} 33. Nd6 Re7 34. Nxe4 Rxe6 35. g3 ({Or} 35. Nxf6+ Rxf6
36. Bd4 Rg6 37. Rc5 Nc6 $19) 35... Ng4 {The simplest way.} 36. Nxf6+ Nxf6 37.
Bf4 Qg2 (37... Nh5 38. Bd6 Qf2 $19 {was another option.}) 38. Rd2 Qh1 39. Rd4
Re1 40. Rc7 $4 {[%mdl 8192] A blunder in a very difficult position.} ({More
stubborn} 40. Rcd8 {is strongly met by} Ne4 {(with the threat ...Ng3)} {
, and if} 41. R8d5 {then} Nxg3 {/\} 42. Rxa5 Ne2 $19) 40... Nd5 {[%csl Rc1,Rc7,
Rf4][%cal Gh1c1,Gd5f4,Gd5c7,Gf4c1,Gd4d5,Gh1d5,Gb1c1]} 0-1

[Event "Alushta"]
[Site "Alushta"]
[Date "1999.03.11"]
[Round "9"]
[White "Salinnikov, Denis Y"]
[Black "Khomyakov, Vladimir"]
[Result "1-0"]
[WhiteElo "2484"]
[BlackElo "2380"]
[Annotator "Atlas,V"]
[PlyCount "83"]
[EventDate "1999.03.03"]
[EventType "tourn"]
[EventRounds "11"]
[EventCountry "UKR"]
[EventCategory "10"]
[SourceTitle "CBM 070"]
[Source "ChessBase"]
[SourceDate "1999.06.08"]
[SourceVersion "1"]
[SourceVersionDate "1999.06.08"]
[SourceQuality "1"]

1. e4 c5 2. Nf3 d6 3. d4 cxd4 4. Nxd4 Nf6 5. Nc3 e6 6. g3 Nc6 7. Bg2 Bd7 8. O-O
Be7 9. Nb3 O-O 10. f4 b5 11. Be3 (11. a3 Qb6+ 12. Kh1 a5 13. Qe2 b4 14. axb4
axb4 15. Be3 Qb7 16. Qb5 Qc7 17. Rxa8 Rxa8 18. Ne2 Nd4 19. Qd3 Qxc2 {0-1
Rakhimov,D-Kasimdzhanov,R/UZB-ch 1993/TD (40)}) (11. Kh1 b4 12. Ne2 Na5 13.
Ned4 Nc4 14. Qe2 Rc8 15. Rd1 Qb6 16. Rd3 Rfe8 17. c3 e5 18. Nf5 Bf8 19. fxe5
Nxe5 {0-1 Szymczak,Z-Rotstein,A/Naleczow 1989/EXT 97 (48)}) 11... b4 12. Nb1 (
12. Nb5 e5 13. h3 Qb8 14. fxe5 dxe5 15. Rxf6 Bxf6 16. Qxd7 Qxb5 17. Bf1 Qa4 18.
Nc5 Qxc2 19. Qxc6 Rac8 20. Qd5 {1-0 Shchekachev,A-Lipman,V/Moscow 1989/EXT 97 
(29)}) 12... e5 $6 ({This move does not seem to be an improvement over the
standard continutation} 12... Qc7 13. c4 Rab8 14. N1d2 a5 15. c5 d5 16. Rc1 a4
17. Nd4 e5 18. Nf5 Bxf5 19. exf5 e4 20. Kh1 Qa5 21. Bg1 Ne8 22. Re1 Bf6 {
0-1 Sherf,R-Maus,S/Netanya 1987/EXT 97 (43)}) 13. f5 Na5 $6 ({Exchanging the
passive b3 knight does not improve Black's position.} 13... a5 {was to be
preferred.}) 14. Nxa5 Qxa5 15. c4 $1 {[%csl Rd5][%cal Gb1c3,Gc3d5] After this
move White obtains a large and durable positional advnatage in view of the
chronical weakness of the d5-square.} bxc3 16. Nxc3 Bc6 17. a3 {[%cal Gb2b5,
Ga3a4] Launching the effective pawn march on the queenside.} Rfd8 18. b4 Qa6
19. Rf2 h6 20. Rb1 Qb7 21. b5 Be8 (21... Bxe4 {is strongly met by} 22. Nxe4
Nxe4 23. f6 $1 (23. Qg4 $2 Nxf2 $19) 23... Nxf2 (23... Bxf6 24. Rxf6 gxf6 25.
Qg4+ $18 {->}) (23... Bf8 24. fxg7 Bxg7 25. Qh5 {->}) 24. Kxf2 d5 (24... e4 25.
fxe7 Qxe7 26. Qd5 $16 {/+-}) 25. fxe7 Qxe7 26. Bxd5 Qd7 27. Bxa8 Qxd1 28. Rxd1
Rxd1 29. Bxa7 $18) 22. a4 Rac8 23. Rc2 Rc4 24. Rbc1 Rdc8 25. Bf1 R4c7 (25...
Nxe4 {loses after} 26. Bxc4 Rxc4 27. Nxe4 Rxe4 28. Rc7 $18) 26. h3 Kf8 27. Qd3
Nd7 28. Nd5 Rxc2 29. Rxc2 Nc5 30. Qc4 Bd7 31. Bg2 (31. a5 $2 {fails to} Nxe4
32. Qxe4 Rxc2 33. Qxc2 Qxd5) 31... Bd8 ({If} 31... Bg5 {then} 32. Bf2 {/\h4})
32. Qb4 a5 33. Qa3 Bb6 34. f6 Be6 35. fxg7+ Kxg7 36. Nxb6 Qxb6 37. Qc1 $1 {
[%csl Rc5,Rh6][%cal Ge3b6,Gc1h6,Gc1c8]} Rh8 (37... h5 38. Kh2 {with decisive
threats 39.Bc5 and 39.Bh6+, followed by 40.Qg5+-.}) 38. Kh2 ({Certainly, not} 
38. Bxc5 dxc5 39. Rxc5 $4 Rc8 $19) 38... Bb3 39. Bxc5 dxc5 40. Rxc5 {White
threatens 41.Re5 and 41.Qc3.} Bxa4 41. Rxe5 (41. Qc3 {ia met by} Re8 42. Rxe5
Qf6 43. Rc5 Qxc3 44. Rxc3 Bxb5) 41... Kh7 $4 {[%mdl 8192]} ({A blunder, which
loses immedialely.} 41... Bxb5 {also loses in view of} 42. Qb2) (41... Qf6 42.
Rf5 $140 Qd4 {was more stubborn.}) (41... Rb8 {is refuted by} 42. Rd5 $1 (42.
Qa1 $2 {fails to} Qf6) 42... Bxb5 43. Qf4 {, and Black is defenseless against
the threat 44.Rd6, as 43...} Rd8 {loses in view of} 44. Rxd8 Qxd8 45. Qe5+) 42.
Qc4 {[%csl Ra4,Rf7][%cal Gc4a4,Gc4f7]} 1-0

[Event "CZE-ch"]
[Site "Zlin"]
[Date "1998.06.21"]
[Round "9"]
[White "Jansa, Vlastimil"]
[Black "Babula, Vlastimil"]
[Result "1-0"]
[WhiteElo "2480"]
[BlackElo "2555"]
[Annotator "Atlas,V"]
[PlyCount "73"]
[EventDate "1998.06.13"]
[EventType "tourn"]
[EventRounds "11"]
[EventCountry "CZE"]
[EventCategory "9"]
[SourceTitle "CBM 066"]
[Source "ChessBase"]
[SourceDate "1998.09.30"]
[SourceVersion "1"]
[SourceVersionDate "1998.09.30"]
[SourceQuality "1"]

1. e4 c5 2. Nc3 Nc6 3. Nge2 d6 4. d4 cxd4 5. Nxd4 Nf6 6. g3 e6 7. Bg2 Bd7 8.
O-O Be7 9. Ndb5 Qb8 10. Bg5 a6 11. Bxf6 gxf6 12. Nd4 h5 13. h3 Qa7 14. Nce2
O-O-O 15. a4 e5 $5 (15... Qb6 {deserved serious attention.}) 16. Nb5 $1 Qc5 (
16... axb5 17. axb5 Qb8 ({after} 17... Qb6 {White can choose between capturing
the knight and playing} 18. Nc3 $5 Nb4 (18... Nb8 $2 19. Nd5 $18) 19. Ra8+ Kc7
20. Ra4) 18. bxc6 bxc6 19. Qd3 {followed by doubling the rooks along the
a-file, wiht dangerous attack.}) 17. Nbc3 Nb4 18. Nc1 $1 {[%csl Rd5][%cal
Gb4d5,Gc1d3,Gc3d5,Gd3b4] Intending to exchange the b4-knight by Nc1-d3.} Be6
19. Nd3 Nxd3 20. cxd3 Kb8 21. h4 Qb4 22. Qe2 Rdg8 23. Kh2 Bd8 $1 {Intending to
transfer the bishop to the diagonal g1-a7.} 24. f4 exf4 25. Rxf4 Bb6 26. e5 Bd4
27. exd6 Rg4 28. Rxg4 hxg4 29. Qe4 Rd8 30. Nd5 $2 (30. Nb5 $1 {was the
strongest response, e.g:} Bg1+ 31. Rxg1 Qxe4 32. dxe4 axb5 33. axb5 Rxd6 34.
Rf1 $16) 30... Qxb2 31. Ra2 f5 $5 ({Why not to take a rook?} 31... Qxa2 32. Nb4
Bd5 33. Nxd5 Qb2 (33... Qf2 34. Ne3 $18) 34. a5 (34. d7 Qf2 35. Qxg4 (35. Ne3
Rxd7) 35... f5 $17) (34. Qe7 $2 {is refuted by} Qb1 $1 35. Qxd8+ Ka7 $19) 34...
f5 $17) 32. Rxb2 fxe4 33. Rb4 Bc5 (33... e3 {is refuted by} 34. Ne7 $1 $18 (34.
Rxd4 e2 35. Re4 Bxd5)) 34. Rc4 Bxd6 35. dxe4 (35. Bxe4 f5 36. Bg2 Rh8 $19)
35... Rh8 36. e5 Bxe5 37. Rb4 {A strange outcome. caused presumably, by
Black's time-trouble.} (37. Rb4 Rxh4+ 38. Kg1 Bxg3 39. Ne7 Kc7 40. Rxb7+ Kd6
$19) 1-0

[Event "RUS-ch51"]
[Site "St Petersburg"]
[Date "1998.07.29"]
[Round "2"]
[White "Tiviakov, Sergei"]
[Black "Yemelin, Vasily"]
[Result "0-1"]
[WhiteElo "2655"]
[BlackElo "2510"]
[Annotator "Atlas,V"]
[PlyCount "106"]
[EventDate "1998.07.28"]
[EventType "swiss"]
[EventRounds "11"]
[EventCountry "RUS"]
[SourceTitle "CBM 067"]
[Source "ChessBase"]
[SourceDate "1998.11.30"]
[SourceVersion "2"]
[SourceVersionDate "1998.11.01"]
[SourceQuality "1"]

{[%mdl 4132]} 1. e4 c5 2. Nf3 e6 3. d4 cxd4 4. Nxd4 Nc6 5. Nc3 a6 6. g3 d6 7.
Bg2 Bd7 8. O-O Nf6 9. h3 Be7 10. g4 ({Another plan is} 10. a4 Qc7 11. Nde2 Rb8
12. g4 b5 13. axb5 axb5 14. g5 Nh5 15. Nxb5 Rxb5 16. Nc3 Ra5 17. Rxa5 Qxa5 18.
Qxh5 h6 19. f4 g6 20. Qh4 Qd8 21. Kh2 Rh7 22. Rd1 Kf8 23. f5 Kg8 24. f6 {
1-0 Makarichev,S-Bistric,F/Sarajevo 1982/MCD-r8 (37)}) 10... O-O (10... h6 {
is a popular alternative:} 11. f4 Qa5 12. Be3 Nxd4 13. Qxd4 Bc6 14. a4 e5 15.
Qd2 exf4 16. Bxf4 Rd8 17. Rad1 Rd7 18. b3 O-O 19. Nd5 Qxd2 20. Rxd2 Bxd5 21.
exd5 Rc8 22. c4 Kf8 23. Be3 Bd8 24. Bd4 {0-1 Thiel,T-Brodsky,M/Berlin 1993/EXT
93op (45)}) 11. Nde2 b5 12. Ng3 $6 (12. g5 {was more conistent than the text
move.}) 12... b4 13. Nce2 d5 $1 {The advancement of the central pawn is the
most effective objection to White's plan.} 14. exd5 Nxd5 15. Nf4 ({After} 15.
Bxd5 exd5 16. Qxd5 Qc8 {Black has an excellent compensation for the sacrificed
pawn.}) 15... Nb6 16. Ne4 (16. a3 bxa3 $140 17. b3 {was an interesting option.}
) 16... Qc7 17. Nh5 $6 (17. Re1 {deserved serious attention.}) 17... f6 18. Bf4
$6 (18. Re1 {was a better option.}) 18... e5 19. Be3 Rad8 {Black gradually
seizes an initiative and obtains a durable advnatage.} 20. c3 Be6 21. Qe2 Nc4
22. Nc5 Bxc5 23. Bxc5 Rfe8 24. Rfd1 (24. cxb4 Rd2 25. Qe4 Nd4 {, with a good
play for Black.}) 24... bxc3 25. bxc3 Ne7 26. Nf4 Rxd1+ 27. Rxd1 Bf7 28. Nd3
Nd5 (28... Bd5 $6 29. Bxe7 Bxg2 30. Nc5 {, with counterplay.}) 29. Bxd5 Bxd5
30. Nb4 Bf7 31. Be3 a5 {[%csl Ra2,Rc3,Gc4,Rg4,Rh3][%cal Gc4e3,Gc7c3,Gf7a2]
Black has a large advantage due to the excellent position of all his pieces
and chronical weaknesses in White's pawn structure.} 32. Na6 Qc6 33. Nc5 h6 34.
Qd3 ({After} 34. Nb3 Bd5 {White's position is unbearable.}) 34... Rc8 35. Qd7 {
White reasonably tries to tranfer the game into ending, but Black has a direct
refuation of his opponent's idea.} Nxe3 36. Qxc6 Rxc6 37. Rd8+ Kh7 38. Nd7 Nd5
(38... Bxa2 {was also sufficient for win.}) 39. Nf8+ Kg8 40. Ne6+ ({Or} 40.
Nd7+ Be8 41. Rxe8+ Kf7 42. Rxe5 $140 $2 Rd6 {, winning.}) 40... Be8 41. Rxe8+
Kf7 42. Nd8+ Kxe8 43. Nxc6 {The knight ending is easily won for Black.} a4 44.
c4 Nf4 45. h4 Kd7 46. Nb4 Kd6 {[%csl Ra2,Rc4][%cal Gd6a3,Gc5c4,Gc5d4] White is
defenceless against the black king march to the queenside.} 47. Nc2 Kc5 48. Ne3
Kb4 49. h5 Ka3 $1 {This precisely calculated operation is the shortest way
towards victory.} 50. c5 Kxa2 51. c6 Ne6 52. Nf5 a3 53. Nxg7 Nc7 0-1